| 000 | 00773nam a22002057a 4500 | ||
|---|---|---|---|
| 999 |
_c16645 _d16645 |
||
| 003 | AR-CdUCM | ||
| 008 | 190504b ||||| |||| 00| 0 spa d | ||
| 040 |
_aMUNICIPALIDAD PROVINCIAL DEL CUSCO _cBIBLIOTECA MUNICIPAL DEL CUSCO |
||
| 082 |
_a131.34 / _bR71 |
||
| 100 |
_aRobert, Marthe _936213 |
||
| 245 |
_aLa revolución psicoanalítica : _bla vida y la obra de Freud / |
||
| 260 |
_aMéxico : _bFondo de cultura económica, _c1966. |
||
| 300 |
_a468 páginas ; _c16 cm. |
||
| 505 | _a Contenido: Orígenes e infancia de Freud -- Estudios y vocación -- Los principios de la carrera médica -- Freud y Charcot... | ||
| 650 |
_aPsicoanalista _936214 |
||
| 650 |
_aTotem y tabú _936215 |
||
| 650 |
_aSexualidad _99609 |
||
| 942 |
_2ddc _cLIBROS |
||
| 945 |
_adavv _d04/05/2019 |
||